000 00942nam0a2200289 4500
001 RU\NLR\bibl\1256814
005 20250615125920.0
010 _a978-966-343-237-3
_bУкраина
010 _a978-5-9910-0301-8
_bРоссия
_97000
021 _aRU
_b2008-42848
_92368
035 _a(NLR Aleph) 001242841
090 _a269894
_c269894
100 _a20080730d2008 |||y0rusy50 ca
101 0 _arus
102 _aRU
_aUA
105 _aa |||||||||
200 1 _aБелая тигрица
_fДжейд Ли
_g[пер. с англ.: Людмила Кашуба]
210 _aХарьков
_aБелгород
_cКнижный клуб семейного доскга
_d2008
215 _a348, [2] с.
_cил.
_d21
686 _aШ6(7США)67-440.4{Лх1979-50}
700 1 _aЛи
_bД.
_gДжейд
_4070
801 0 _aRU
_bNLR
_c20080730
_gRCR
801 1 _aRU
_bNLR
_c20080730
942 _cBOOK
980 _aNB
980 _aNBR